Del ártico (Record no. 10989)

MARC details
000 -CABECERA
campo de control de longitud fija 01050nam a22002897a 4500
001 - NÚMERO DE CONTROL
campo de control BRCA_9367
003 - IDENTIFICADOR DEL NÚMERO DE CONTROL
campo de control FranzMayer
005 - FECHA Y HORA DE LA ÚLTIMA TRANSACCIÓN
campo de control 20230918123433.0
008 - DATOS DE LONGITUD FIJA--INFORMACIÓN GENERAL
campo de control de longitud fija 230830b |||||||| |||| 00| 0 eng d
040 ## - FUENTE DE LA CATALOGACIÓN
Centro catalogador/agencia de origen MFM
Lengua de catalogación español
Centro/agencia transcriptor MFM
050 ## - SIGNATURA TOPOGRÁFICA DE LA BIBLIOTECA DEL CONGRESO
Número de clasificación NC1000
Número de documento/Ítem B45
100 1# - ENTRADA PRINCIPAL--NOMBRE DE PERSONA
Código de función/relación Autor
Nombre de persona Bello, Paula
9 (RLIN) 29363
240 ## - TÍTULO UNIFORME
Título uniforme Del ártico
Medio Conversaciones de diseño. Finlandia
Lenguaje de la obra español
245 0# - MENCIÓN DE TÍTULO
Título Del ártico
Resto del título Conversaciones de diseño. Finlandia
260 ## - PUBLICACIÓN, DISTRIBUCIÓN, ETC.
Lugar de publicación, distribución, etc. México
Nombre del editor, distribuidor, etc. Museo Franz Mayer
300 ## - DESCRIPCIÓN FÍSICA
Extensión 47 p
Otras características físicas Ilustraciones
Dimensiones 15 cm
500 ## - NOTA GENERAL
Nota general Anexo 1
500 ## - NOTA GENERAL
Nota general Al libro le faltan datos como año de publicación o ISBN
505 ## - NOTA DE CONTENIDO CON FORMATO
Nota de contenido con formato Texto en: españolIncluye índice temáticoIncluye índice fotográficoDirigido a: artistas y museógrafos
650 1# - PUNTO DE ACCESO ADICIONAL DE MATERIA--TÉRMINO DE MATERIA
Fuente del encabezamiento o término Diseño
Término de materia o nombre geográfico como elemento de entrada Artes decorativas
Subdivisión de forma Museos
9 (RLIN) 29364
700 1# - PUNTO DE ACCESO ADICIONAL--NOMBRE DE PERSONA
Código de función/relación Cool.
Nombre de persona Aarnio, Eero.
9 (RLIN) 29365
700 1# - PUNTO DE ACCESO ADICIONAL--NOMBRE DE PERSONA
Código de función/relación Cool.
Nombre de persona Orvola, Heikki
9 (RLIN) 29366
700 1# - PUNTO DE ACCESO ADICIONAL--NOMBRE DE PERSONA
Código de función/relación Cool.
Nombre de persona Saarela, Pekka
9 (RLIN) 29367
700 1# - PUNTO DE ACCESO ADICIONAL--NOMBRE DE PERSONA
Código de función/relación Cool.
Nombre de persona Sarpaneva, Timo
9 (RLIN) 29368
700 1# - PUNTO DE ACCESO ADICIONAL--NOMBRE DE PERSONA
Código de función/relación Cool.
Nombre de persona Stenros, Anne
9 (RLIN) 29369
942 ## - ELEMENTOS DE PUNTO DE ACCESO ADICIONAL (KOHA)
Fuente del sistema de clasificación o colocación Library of Congress Classification
Tipo de ítem Koha Libros
Holdings
Estado de retiro Estado de pérdida Fuente del sistema de clasificación o colocación Estado dañado No para préstamo Código de colección Localización permanente Ubicación/localización actual Fecha de adquisición Total de préstamos Signatura topográfica completa Código de barras Fecha visto por última vez Precio válido a partir de Tipo de ítem Koha
El ejemplar forma parte de la colección y puede ser consultado según las políticas vigentes.   Library of Congress Classification     Fondo Contemporáneo Biblioteca del Museo Franz Mayer (Rogerio Casas-Alatriste) Biblioteca del Museo Franz Mayer (Rogerio Casas-Alatriste) 30/08/2023   NC1000 B45 CONT10135 30/08/2023 30/08/2023 Libros